004940000a220008500045001000021000002450027000213000052000485200287001007730021003871 aGreen, Guillermo10aLa disciplina eclesial aVol.7, Núm.1 (Marzo, 2005), Páginas 114-122 aLa disciplina. ¿Cómo implementar la disciplina? Concepto alto de la Palabra de Dios. Concepto alto de la vocación de pastor / anciano. Todo esto nos lleva a un concepto alto de la iglesia. ¿Por qué el partor rehuye a disciplinar? Pasos de la disciplina eclesiástica.0 tReforma Siglo 21